Možnosti CAM systému FeatureCAM v oblasti 5 osového frézovania

Na minha lista:
Detalhes bibliográficos
Autor principal: Martinec, Matúš (Author)
Outros Autores: Šimna, Vladimír (Thesis advisor)
Formato: Manuscrito Livro
Idioma:eslovaco
Publicado em: 2015
Assuntos:
Acesso em linha:http://is.stuba.sk/zp/portal_zp.pl?podrobnosti=96529
Tags: Adicionar Tag
Sem tags, seja o primeiro a adicionar uma tag!

MARC

LEADER 00000ntm a22000003a 4500
001 stuzp51080
003 SK-STU
005 20160719153740.4
007 ta
008 150427s2015----xo-----f-mn---000-0-slo-d
040 |a STU  |b slo 
041 0 |a slo 
100 1 |a Martinec, Matúš  |u 063000  |4 aut  |U MTF Materiálovotechnologická fakulta  |T MTF Ústav výrobných technológií  |X 47110  |U M3000  |Y 83  |7 47110 
242 0 1 |a Possibilities of CAM system FeatureCAM in 5 axis milling  |y eng 
245 1 0 |a Možnosti CAM systému FeatureCAM v oblasti 5 osového frézovania 
260 |c 2015 
650 4 |a kinematická štruktúra  |2 slo 
650 4 |a FeatureCAM  |2 slo 
650 4 |a 5 osové frézovanie  |2 slo 
650 4 |a kinematic structure  |2 eng 
650 4 |a 5 axis milling  |2 eng 
650 4 |a FeatureCAM  |2 eng 
700 1 |a Šimna, Vladimír  |4 ths  |X 30333  |7 A000030333 
856 4 |u http://is.stuba.sk/zp/portal_zp.pl?podrobnosti=96529 
996 |c M* BP-7426  |l MMSKP  |s P  |a 0  |w stuzp51080_0001 
SQL |a stuzp51080  |b DBP  |c SLO  |d Možnosti CAM systému FeatureCAM v oblasti 5 osového frézovania  |e 47110  |f Martinec, Matúš  |g 063000  |h 30333  |i Šimna, Vladimír  |j 20150623  |k 174  |l 06  |m http://is.stuba.sk/zp/portal_zp.pl?podrobnosti=96529  |n B-PPT  |o 5.2.51. výrobné technológie